[Event "World op 20th"]
[Site "Philadelphia"]
[Date "1992.??.??"]
[Round "2"]
[White "Ashley, Maurice"]
[Black "Frenkel, Filipp"]
[Result "1-0"]
[WhiteElo "2370"]
[BlackElo "2205"]
[PlyCount "73"]
[EventDate "1992.06.??"]
[EventType "swiss"]
[EventRounds "9"]
[EventCountry "USA"]
[SourceTitle "TD"]
[Source "ChessBase"]
[SourceDate "1994.03.01"]
[SourceVersion "1"]
[SourceVersionDate "1994.03.01"]
[SourceQuality "1"]

1. e4 c6 2. d4 d5 3. e5 Bf5 4. Nc3 h5 5. Be2 g6 6. Nf3 Bh6 7. O-O Nd7 8. b4 b5
9. a4 a6 10. Be3 e6 11. Qc1 Nb6 12. axb5 axb5 13. Rxa8 Qxa8 14. Qb2 Ne7 15.
Bxh6 Rxh6 16. Ra1 Qb7 17. Nd2 Kf8 18. Nb3 Kg7 19. Nc5 Qc7 20. Ra6 Rh8 21. Qa2
Nec8 22. Nd1 Qe7 23. Ne3 Qh4 24. c3 Be4 25. Qa5 Qd8 26. Nb7 Qg5 27. Rxb6 Nxb6
28. Qxb6 Bxg2 29. Nxg2 h4 30. h3 Qc1+ 31. Bf1 Rh5 32. Nd6 Qxc3 33. Qa7 Qf3 34.
Be2 Qxe2 35. Qxf7+ Kh6 36. Qf8+ Kh7 37. Nf7 1-0

[Event "World op 20th"]
[Site "Philadelphia"]
[Date "1992.??.??"]
[Round "4"]
[White "Ashley, Maurice"]
[Black "Christensen, Wayne"]
[Result "1-0"]
[WhiteElo "2370"]
[BlackElo "2205"]
[PlyCount "111"]
[EventDate "1992.06.??"]
[EventType "swiss"]
[EventRounds "9"]
[EventCountry "USA"]
[SourceTitle "TD"]
[Source "ChessBase"]
[SourceDate "1994.03.01"]
[SourceVersion "1"]
[SourceVersionDate "1994.03.01"]
[SourceQuality "1"]

1. e4 c6 2. d4 d5 3. e5 Bf5 4. Nc3 Qb6 5. h4 h5 6. Nge2 Na6 7. Ng3 Bg4 8. Be2
Bxe2 9. Ncxe2 e6 10. c3 c5 11. dxc5 Nxc5 12. O-O Ne7 13. Be3 Qc7 14. c4 O-O-O
15. Bxc5 Qxc5 16. cxd5 Qxd5 17. Rc1+ Nc6 18. Qa4 Kb8 19. Rfd1 Qa5 20. Qxa5
Rxd1+ 21. Rxd1 Nxa5 22. Rd7 Nc6 23. Rxf7 Nxe5 24. Rf4 Ng6 25. Re4 e5 26. Nf5
Bc5 27. g3 Rf8 28. Ne3 Bxe3 29. Rxe3 Rd8 30. Nc3 Rd2 31. b3 a6 32. Rf3 Rc2 33.
Ne4 Rxa2 34. Rf7 Rc2 35. Rxg7 Rc6 36. Nc5 Rxc5 37. Rxg6 Rb5 38. Rg5 Rxb3 39.
Rxh5 a5 40. Rxe5 a4 41. Ra5 a3 42. h5 Kc7 43. h6 Rb6 44. Rxa3 Rxh6 45. Kg2 b5
46. g4 Kb6 47. g5 Rg6 48. f4 b4 49. Ra1 Kc5 50. Kg3 Kd4 51. Kg4 Kc3 52. f5 Rd6
53. g6 Rd2 54. f6 Rg2+ 55. Kf5 b3 56. Rb1 1-0

[Event "World op 20th"]
[Site "Philadelphia"]
[Date "1992.??.??"]
[Round "5"]
[White "Ivanov, Alexander"]
[Black "Ashley, Maurice"]
[Result "1-0"]
[WhiteElo "2555"]
[BlackElo "2370"]
[PlyCount "65"]
[EventDate "1992.06.??"]
[EventType "swiss"]
[EventRounds "9"]
[EventCountry "USA"]
[SourceTitle "TD"]
[Source "ChessBase"]
[SourceDate "1994.03.01"]
[SourceVersion "1"]
[SourceVersionDate "1994.03.01"]
[SourceQuality "1"]

1. e4 c5 2. Nf3 Nc6 3. d4 cxd4 4. Nxd4 Nf6 5. Nc3 e5 6. Ndb5 d6 7. a4 a6 8. Na3
Be6 9. Bg5 Rc8 10. Bc4 Be7 11. Bxf6 Bxf6 12. Nd5 O-O 13. O-O Bg5 14. c3 Ne7 15.
Qb3 Bxd5 16. Bxd5 Rc7 17. Rfd1 Ng6 18. g3 Qc8 19. Rd3 Kh8 20. Nc4 Rd8 21. a5
Qh3 22. Qd1 f5 23. Be6 Rxc4 24. Bxc4 fxe4 25. Rxd6 Rf8 26. Bf1 Qf5 27. Qc2 Qf7
28. Bg2 Qc7 29. Rb6 e3 30. Rxb7 Qd6 31. fxe3 Ne7 32. Rf1 Bxe3+ 33. Kh1 1-0

[Event "World op 20th"]
[Site "Philadelphia"]
[Date "1992.??.??"]
[Round "6"]
[White "Ashley, Maurice"]
[Black "Dunne, Alex"]
[Result "1-0"]
[WhiteElo "2370"]
[BlackElo "2235"]
[PlyCount "51"]
[EventDate "1992.06.??"]
[EventType "swiss"]
[EventRounds "9"]
[EventCountry "USA"]
[SourceTitle "TD"]
[Source "ChessBase"]
[SourceDate "1994.03.01"]
[SourceVersion "1"]
[SourceVersionDate "1994.03.01"]
[SourceQuality "1"]

1. e4 Nc6 2. Nf3 d6 3. d4 Nf6 4. Nc3 g6 5. Bb5 a6 6. Bxc6+ bxc6 7. O-O Bg7 8.
e5 Nd5 9. Ne4 O-O 10. Re1 Bg4 11. h3 Bxf3 12. Qxf3 dxe5 13. dxe5 Bxe5 14. Bh6
Bg7 15. Bxg7 Kxg7 16. c4 Nb6 17. Rad1 Qc8 18. Nc5 Rd8 19. Rxe7 Rxd1+ 20. Qxd1
Qf5 21. Qd4+ Kh6 22. g4 Qb1+ 23. Kg2 Rf8 24. g5+ Kxg5 25. Qe3+ Kh5 26. Ne4 1-0

[Event "World op 20th"]
[Site "Philadelphia"]
[Date "1992.??.??"]
[Round "7"]
[White "Lagua, Bende"]
[Black "Ashley, Maurice"]
[Result "1/2-1/2"]
[WhiteElo "2270"]
[BlackElo "2370"]
[PlyCount "154"]
[EventDate "1992.06.??"]
[EventType "swiss"]
[EventRounds "9"]
[EventCountry "USA"]
[SourceTitle "TD"]
[Source "ChessBase"]
[SourceDate "1994.03.01"]
[SourceVersion "1"]
[SourceVersionDate "1994.03.01"]
[SourceQuality "1"]

1. e4 c5 2. Nf3 d6 3. c3 Nf6 4. Be2 g6 5. O-O Bg7 6. Bb5+ Nfd7 7. Re1 a6 8. Bf1
O-O 9. d4 b6 10. Bd3 Ra7 11. Bg5 Rc7 12. d5 Nf6 13. h3 e6 14. c4 h6 15. Bd2 e5
16. Qc1 Nh5 17. Nc3 Kh7 18. g4 Nf4 19. Bxf4 exf4 20. Qxf4 Nd7 21. Qg3 Re8 22.
Re2 Ne5 23. Nxe5 dxe5 24. Rb1 Qd6 25. a3 Bd7 26. b3 Bf6 27. Reb2 Be7 28. Kh1
Rcc8 29. Ne2 Qf6 30. Kg1 Bd6 31. Nc1 Qe7 32. Kh1 h5 33. f3 hxg4 34. fxg4 Kg7
35. Rh2 Rh8 36. Ne2 Rh7 37. Ng1 Rch8 38. Nf3 Kf8 39. Rf1 Ke8 40. h4 f6 41. Kg1
Kd8 42. Kf2 Kc7 43. Ke2 f5 44. gxf5 gxf5 45. Rg1 b5 46. Kd2 bxc4 47. bxc4 Rb8
48. Kc3 Ba4 49. Rb1 Rxb1 50. Bxb1 Rg7 51. Ng5 Kb8 52. Rb2+ Ka7 53. Bc2 f4 54.
Qg4 Bd7 55. Qf3 Rg8 56. Kd2 Bc7 57. Bd1 Rh8 58. Qb3 Rb8 59. Qa2 Rh8 60. Qb3 Bc8
61. Kc1 Rxh4 62. Ne6 Qd6 63. Kb1 Rh1 64. Ka2 Re1 65. Bg4 Re3 66. Qa4 Bd7 67.
Qd1 Ba5 68. Qb1 Re1 69. Qc2 Rg1 70. Qb3 Bb6 71. Nd8 Rg3 72. Nc6+ Qxc6 73. dxc6
Rxb3 74. cxd7 Rd3 75. Rh2 f3 76. Rf2 Bd8 77. Rxf3 Rxf3 1/2-1/2

[Event "New York ACC"]
[Site "New York"]
[Date "1993.??.??"]
[Round "1"]
[White "Bonin, Jay R"]
[Black "Ashley, Maurice"]
[Result "1/2-1/2"]
[WhiteElo "2385"]
[BlackElo "2365"]
[PlyCount "80"]
[EventDate "1993.??.??"]
[EventType "tourn"]
[EventRounds "11"]
[EventCountry "USA"]
[EventCategory "3"]
[SourceTitle "EXT 1997"]
[Source "ChessBase"]
[SourceDate "1996.11.15"]
[SourceVersion "1"]
[SourceVersionDate "1996.11.15"]
[SourceQuality "1"]

1. e4 e5 2. Nf3 Nc6 3. Bb5 Nf6 4. O-O Nxe4 5. d4 Nd6 6. Bxc6 bxc6 7. dxe5 Nb7
8. Nd4 c5 9. Nb5 Be7 10. Qg4 g6 11. Bh6 d5 12. Qf4 Be6 13. c4 c6 14. N5c3 Rg8
15. cxd5 cxd5 16. Rd1 g5 17. Qa4+ Qd7 18. Nxd5 Bxd5 19. Qxd7+ Kxd7 20. Nc3 Kc6
21. Nxd5 Rae8 22. Rac1 Rg6 23. Nxe7+ Rxe7 24. Bf8 Re8 25. Bxc5 Nxc5 26. b4 Rxe5
27. Rxc5+ Rxc5 28. bxc5 Kxc5 29. h4 gxh4 30. Rd7 h3 31. g3 Rf6 32. Rxa7 h2+ 33.
Kxh2 Rxf2+ 34. Kh3 Kd5 35. a4 Ke6 36. a5 Ra2 37. a6 Kf6 38. Kg4 Kg7 39. Ra8 Ra3
40. Kf4 h5 1/2-1/2

[Event "New York ACC"]
[Site "New York"]
[Date "1993.??.??"]
[Round "3"]
[White "Shapiro, Daniel E"]
[Black "Ashley, Maurice"]
[Result "0-1"]
[WhiteElo "2320"]
[BlackElo "2365"]
[PlyCount "86"]
[EventDate "1993.??.??"]
[EventType "tourn"]
[EventRounds "11"]
[EventCountry "USA"]
[EventCategory "3"]
[SourceTitle "EXT 1997"]
[Source "ChessBase"]
[SourceDate "1996.11.15"]
[SourceVersion "1"]
[SourceVersionDate "1996.11.15"]
[SourceQuality "1"]

1. d4 Nf6 2. Nf3 e6 3. c4 b6 4. a3 Bb7 5. Nc3 d5 6. cxd5 Nxd5 7. Qc2 Be7 8. e4
Nxc3 9. bxc3 Nd7 10. Bd3 c5 11. Bf4 Qc8 12. Qa4 O-O 13. O-O Nf6 14. Rfe1 Rd8
15. Bg5 h6 16. Bh4 Rd7 17. Bb5 Rc7 18. Bg3 Nxe4 19. Bxc7 Nxc3 20. Qb3 Nxb5 21.
Bxb6 Nxd4 22. Nxd4 axb6 23. Rac1 Bf6 24. Nb5 Qc6 25. f3 Ra5 26. a4 Ba6 27. Rb1
Bxb5 28. axb5 Bd4+ 29. Kf1 Qc7 30. g3 Qa7 31. Qd3 Qa8 32. Rb3 Qd5 33. Rc1 Ra2
34. Rc2 Ra1+ 35. Ke2 Qh5 36. h4 Qe5+ 37. Qe4 Qxg3 38. Kd3 Bf6 39. Re2 Qd6+ 40.
Ke3 Bd4+ 41. Kd2 c4 42. Rb1 f5 43. Qc6 Bc3+ 0-1

[Event "New York ACC"]
[Site "New York"]
[Date "1993.??.??"]
[Round "4"]
[White "Ashley, Maurice"]
[Black "Vulicevic, Nenad"]
[Result "1-0"]
[WhiteElo "2365"]
[BlackElo "2320"]
[PlyCount "57"]
[EventDate "1993.??.??"]
[EventType "tourn"]
[EventRounds "11"]
[EventCountry "USA"]
[EventCategory "3"]
[SourceTitle "EXT 1997"]
[Source "ChessBase"]
[SourceDate "1996.11.15"]
[SourceVersion "1"]
[SourceVersionDate "1996.11.15"]
[SourceQuality "1"]

1. d4 Nf6 2. c4 e6 3. Nf3 b6 4. e3 Bb7 5. Bd3 Be7 6. O-O O-O 7. Nc3 d5 8. b3
Nbd7 9. Bb2 c5 10. Qe2 Bd6 11. Rad1 Qe7 12. cxd5 exd5 13. Ba6 Bc6 14. e4 dxe4
15. d5 Nb8 16. dxc6 Nxa6 17. Nh4 Nb4 18. Nf5 Bxh2+ 19. Kxh2 Qe5+ 20. Ng3 Qg5
21. Ncxe4 Qh4+ 22. Kg1 Ng4 23. Rfe1 Nxc6 24. Bxg7 f5 25. Bxf8 Rxf8 26. Nxc5 f4
27. Qc4+ Kh8 28. Qc3+ Kg8 29. Ne6 1-0

[Event "New York ACC"]
[Site "New York"]
[Date "1993.??.??"]
[Round "5"]
[White "Moskow, Eric"]
[Black "Ashley, Maurice"]
[Result "1/2-1/2"]
[WhiteElo "2235"]
[BlackElo "2365"]
[PlyCount "20"]
[EventDate "1993.??.??"]
[EventType "tourn"]
[EventRounds "11"]
[EventCountry "USA"]
[EventCategory "3"]
[SourceTitle "EXT 1997"]
[Source "ChessBase"]
[SourceDate "1996.11.15"]
[SourceVersion "1"]
[SourceVersionDate "1996.11.15"]
[SourceQuality "1"]

1. d4 Nf6 2. c4 e6 3. Nf3 b6 4. g3 Ba6 5. b3 Bb4+ 6. Bd2 Be7 7. Bg2 c6 8. Nc3
d5 9. cxd5 cxd5 10. O-O O-O 1/2-1/2

[Event "New York ACC"]
[Site "New York"]
[Date "1993.??.??"]
[Round "6"]
[White "Ashley, Maurice"]
[Black "Krant, Roman"]
[Result "1-0"]
[WhiteElo "2365"]
[BlackElo "2305"]
[PlyCount "63"]
[EventDate "1993.??.??"]
[EventType "tourn"]
[EventRounds "11"]
[EventCountry "USA"]
[EventCategory "3"]
[SourceTitle "EXT 1997"]
[Source "ChessBase"]
[SourceDate "1996.11.15"]
[SourceVersion "1"]
[SourceVersionDate "1996.11.15"]
[SourceQuality "1"]

1. e4 d6 2. d4 Nf6 3. Nc3 g6 4. Be3 c6 5. Qd2 b5 6. Bd3 a6 7. h3 e5 8. dxe5
dxe5 9. Nf3 Nbd7 10. Bh6 Bxh6 11. Qxh6 Qe7 12. O-O Bb7 13. Rfe1 Qf8 14. Qg5 Qe7
15. Ne2 Nh5 16. Qh6 f6 17. Red1 Rd8 18. Nh4 Qf8 19. Qd2 Ng7 20. a4 Qe7 21. b4
O-O 22. c4 f5 23. Qh6 fxe4 24. Bxe4 bxc4 25. Bxg6 Nf6 26. Ng3 Bc8 27. Ne4 Nge8
28. Rxd8 Qxd8 29. Ra3 Qe7 30. Rg3 Bg4 31. Bxe8 Nxe8 32. Rxg4+ 1-0

[Event "New York ACC"]
[Site "New York"]
[Date "1993.??.??"]
[Round "8"]
[White "Ashley, Maurice"]
[Black "Paglietti, Nicola"]
[Result "1/2-1/2"]
[WhiteElo "2365"]
[BlackElo "2365"]
[PlyCount "132"]
[EventDate "1993.??.??"]
[EventType "tourn"]
[EventRounds "11"]
[EventCountry "USA"]
[EventCategory "3"]
[SourceTitle "EXT 1997"]
[Source "ChessBase"]
[SourceDate "1996.11.15"]
[SourceVersion "1"]
[SourceVersionDate "1996.11.15"]
[SourceQuality "1"]

1. e4 e5 2. Nf3 Nc6 3. d4 exd4 4. Nxd4 Bc5 5. Be3 Qf6 6. c3 b6 7. Qd2 Nge7 8.
b4 Bxd4 9. cxd4 d5 10. b5 Na5 11. Bd3 dxe4 12. Bxe4 Bb7 13. Bxb7 Nxb7 14. O-O
O-O 15. Nc3 Nf5 16. Rac1 Rad8 17. Rfd1 Nxe3 18. fxe3 Rfe8 19. e4 Qh4 20. g3 Qh3
21. Qf4 Nd6 22. Re1 Qd7 23. a4 c6 24. e5 Nc8 25. bxc6 Qxd4+ 26. Qxd4 Rxd4 27.
Nb5 Rxa4 28. Nd6 Rf8 29. c7 Ne7 30. c8=Q Nxc8 31. Nxc8 h6 32. Rc7 b5 33. Nxa7
Rd8 34. Rc8 Rxc8 35. Nxc8 b4 36. Rb1 Ra5 37. Ne7+ Kh7 38. e6 fxe6 39. Rxb4 Ra1+
40. Kg2 Ra2+ 41. Kf3 Rxh2 42. Re4 Ra2 43. Rxe6 Ra3+ 44. Kf4 Ra4+ 45. Re4 Ra5
46. Nf5 Kg6 47. Re6+ Kf7 48. Rd6 Ra7 49. Ke5 Rb7 50. Rd5 Ra7 51. Nd4 Ra3 52. g4
Kg6 53. Kf4 Ra4 54. Kg3 Ra3+ 55. Nf3 Rb3 56. Kf4 Rb6 57. Nh4+ Kh7 58. Nf5 Rb4+
59. Rd4 Rb7 60. Re4 Kh8 61. Re8+ Kh7 62. Re7 Rb4+ 63. Kg3 Kg6 64. Rxg7+ Kf6 65.
Rh7 Kg5 66. Kh3 Rxg4 1/2-1/2

[Event "New York ACC"]
[Site "New York"]
[Date "1993.??.??"]
[Round "10"]
[White "Waitzkin, Joshua"]
[Black "Ashley, Maurice"]
[Result "1/2-1/2"]
[WhiteElo "2345"]
[BlackElo "2365"]
[PlyCount "80"]
[EventDate "1993.??.??"]
[EventType "tourn"]
[EventRounds "11"]
[EventCountry "USA"]
[EventCategory "3"]
[SourceTitle "EXT 1997"]
[Source "ChessBase"]
[SourceDate "1996.11.15"]
[SourceVersion "1"]
[SourceVersionDate "1996.11.15"]
[SourceQuality "1"]

1. e4 e5 2. Nc3 Bc5 3. Nf3 d6 4. Na4 Bb6 5. Nxb6 axb6 6. d4 Qe7 7. Bd3 Bg4 8.
dxe5 dxe5 9. h3 Bh5 10. O-O Nd7 11. Bd2 Ngf6 12. Qe2 O-O 13. g4 Bg6 14. Nh4 Nc5
15. Nf5 Bxf5 16. exf5 Nxd3 17. Qxd3 Rad8 18. Qe2 Ne4 19. Be3 Rd6 20. Rae1 Rfd8
21. Rd1 Rxd1 22. Rxd1 Rxd1+ 23. Qxd1 h5 24. Qd5 Nd6 25. Kg2 hxg4 26. hxg4 c6
27. Qd3 e4 28. Qd4 Nb5 29. Qa4 Nc7 30. Bxb6 Nd5 31. Be3 Qh4 32. Qxe4 Nf6 33.
Qf4 Nxg4 34. Bd4 Qh5 35. f3 Nh6 36. f6 Nf5 37. Qb8+ Kh7 38. fxg7 Qg5+ 39. Kh1
Qh4+ 40. Kg2 Qg5+ 1/2-1/2

[Event "New York ACC"]
[Site "New York"]
[Date "1993.??.??"]
[Round "11"]
[White "Ashley, Maurice"]
[Black "Winslow, Elliott C"]
[Result "1/2-1/2"]
[WhiteElo "2365"]
[BlackElo "2280"]
[PlyCount "70"]
[EventDate "1993.??.??"]
[EventType "tourn"]
[EventRounds "11"]
[EventCountry "USA"]
[EventCategory "3"]
[SourceTitle "EXT 1997"]
[Source "ChessBase"]
[SourceDate "1996.11.15"]
[SourceVersion "1"]
[SourceVersionDate "1996.11.15"]
[SourceQuality "1"]

1. d4 Nf6 2. c4 g6 3. Nc3 Bg7 4. e4 d6 5. f3 O-O 6. Be3 e5 7. d5 c6 8. Qd2 cxd5
9. cxd5 Nbd7 10. Nh3 Nc5 11. Nf2 Bd7 12. Nd3 Nxd3+ 13. Bxd3 Nh5 14. O-O-O Qa5
15. Kb1 Nf4 16. Bf1 f5 17. g3 Nh5 18. Be2 a6 19. exf5 gxf5 20. f4 Nf6 21. fxe5
dxe5 22. Bh6 Bxh6 23. Qxh6 Rac8 24. g4 Rxc3 25. Rhg1 f4 26. g5 Bf5+ 27. Ka1 Ne8
28. g6 hxg6 29. Rxg6+ Bxg6 30. Qxg6+ Ng7 31. Bg4 Qxd5 32. bxc3 Qc6 33. Rd6
Qxc3+ 34. Kb1 Qb4+ 35. Ka1 Qc3+ 1/2-1/2

[Event "New York Enhance"]
[Site "New York"]
[Date "1993.??.??"]
[Round "1"]
[White "Ashley, Maurice"]
[Black "Klovsky, Rafail"]
[Result "1-0"]
[WhiteElo "2435"]
[BlackElo "2365"]
[PlyCount "61"]
[EventDate "1993.??.??"]
[EventType "schev"]
[EventRounds "9"]
[EventCountry "USA"]
[SourceTitle "EXT 1997"]
[Source "ChessBase"]
[SourceDate "1996.11.15"]
[SourceVersion "1"]
[SourceVersionDate "1996.11.15"]
[SourceQuality "1"]

1. e4 c5 2. Nf3 Nc6 3. c3 e6 4. d4 d5 5. exd5 exd5 6. Bb5 Bd6 7. O-O Nge7 8.
dxc5 Bxc5 9. Nbd2 O-O 10. Nb3 Bd6 11. Bg5 Bg4 12. Re1 Qc7 13. h3 Bh5 14. Rc1 h6
15. Bxe7 Nxe7 16. Nbd4 a6 17. Bd3 Rfe8 18. Qb3 Bxf3 19. Nxf3 b5 20. Rc2 Red8
21. Rce2 Bc5 22. a4 bxa4 23. Qxa4 Nc6 24. Qg4 Bf8 25. Nh4 Qd6 26. Qf5 g6 27.
Qg4 Qf6 28. Bxg6 Qg5 29. Bxf7+ Kxf7 30. Qe6+ Kg7 31. Nf3 1-0

[Event "New York Enhance"]
[Site "New York"]
[Date "1993.??.??"]
[Round "4"]
[White "Ashley, Maurice"]
[Black "Kreiman, Boris"]
[Result "1-0"]
[WhiteElo "2435"]
[BlackElo "2400"]
[PlyCount "47"]
[EventDate "1993.??.??"]
[EventType "schev"]
[EventRounds "9"]
[EventCountry "USA"]
[SourceTitle "EXT 1997"]
[Source "ChessBase"]
[SourceDate "1996.11.15"]
[SourceVersion "1"]
[SourceVersionDate "1996.11.15"]
[SourceQuality "1"]

1. e4 c5 2. Nf3 Nf6 3. e5 Nd5 4. d4 cxd4 5. c3 d6 6. exd6 Qxd6 7. Nxd4 a6 8.
Na3 g6 9. Be2 Bg7 10. Ndb5 axb5 11. Nxb5 Qb6 12. Qxd5 Be6 13. Qd1 O-O 14. Be3
Qc6 15. O-O Bd5 16. Nc7 Bxg2 17. Nxa8 Nd7 18. Nc7 Ne5 19. Nb5 Nf3+ 20. Bxf3
Bxf3 21. Nd4 Bxd4 22. Qxd4 e5 23. Qxe5 Re8 24. Qg3 1-0

[Event "New York Enhance"]
[Site "New York"]
[Date "1993.??.??"]
[Round "6"]
[White "Ashley, Maurice"]
[Black "Fedorowicz, John P"]
[Result "0-1"]
[WhiteElo "2435"]
[BlackElo "2545"]
[PlyCount "90"]
[EventDate "1993.??.??"]
[EventType "schev"]
[EventRounds "9"]
[EventCountry "USA"]
[SourceTitle "EXT 1997"]
[Source "ChessBase"]
[SourceDate "1996.11.15"]
[SourceVersion "1"]
[SourceVersionDate "1996.11.15"]
[SourceQuality "1"]

1. c4 Nf6 2. Nc3 g6 3. e4 d6 4. d4 Bg7 5. Nf3 O-O 6. Be2 e5 7. O-O Nc6 8. d5
Ne7 9. Bg5 Nh5 10. Ne1 Nf4 11. Nd3 Nxd3 12. Bxd3 f6 13. Bd2 f5 14. b4 Kh8 15.
Rc1 c6 16. Kh1 f4 17. Be2 h5 18. Be1 Bh6 19. Rc2 cxd5 20. Nxd5 Nc6 21. Bc3 Bg7
22. b5 Nd4 23. Bxd4 exd4 24. c5 dxc5 25. Rxc5 Qd6 26. Rc7 Qe5 27. Qd3 Re8 28.
Bf3 Rb8 29. Rfc1 Be6 30. h3 Rbc8 31. Rxc8 Rxc8 32. Rxc8+ Bxc8 33. Qa3 Kh7 34.
Qxa7 d3 35. Qa8 Be6 36. Qxb7 d2 37. Qc6 g5 38. Qc2 g4 39. hxg4 hxg4 40. Qxd2
gxf3 41. Kg1 Qa1+ 42. Kh2 Qf1 43. gxf3 Bh3 44. Nxf4 Be5 45. Kg3 Qg2+ 0-1

[Event "New York Enhance"]
[Site "New York"]
[Date "1993.??.??"]
[Round "8"]
[White "Ashley, Maurice"]
[Black "Shabalov, Alexander"]
[Result "1-0"]
[WhiteElo "2435"]
[BlackElo "2590"]
[PlyCount "43"]
[EventDate "1993.??.??"]
[EventType "schev"]
[EventRounds "9"]
[EventCountry "USA"]
[SourceTitle "EXT 1997"]
[Source "ChessBase"]
[SourceDate "1996.11.15"]
[SourceVersion "1"]
[SourceVersionDate "1996.11.15"]
[SourceQuality "1"]

1. e4 e6 2. d4 d5 3. exd5 exd5 4. c4 Nf6 5. Nc3 Bb4 6. Bd3 c5 7. Nge2 Nc6 8.
cxd5 Nxd5 9. dxc5 Bg4 10. O-O Bxc3 11. bxc3 Nxc3 12. Qc2 Bxe2 13. Re1 Qd4 14.
Bb2 O-O-O 15. Bf5+ Kc7 16. Bxc3 Bd3 17. Qc1 Qc4 18. Re4 Nd4 19. Qf4+ Kc6 20.
Bxd4 Rd5 21. Bxg7 Qxc5 22. Rc1 1-0

[Event "New York Enhance"]
[Site "New York"]
[Date "1993.??.??"]
[Round "9"]
[White "Dzindzichashvili, Roman"]
[Black "Ashley, Maurice"]
[Result "1/2-1/2"]
[WhiteElo "2535"]
[BlackElo "2435"]
[PlyCount "49"]
[EventDate "1993.??.??"]
[EventType "schev"]
[EventRounds "9"]
[EventCountry "USA"]
[SourceTitle "EXT 1997"]
[Source "ChessBase"]
[SourceDate "1996.11.15"]
[SourceVersion "1"]
[SourceVersionDate "1996.11.15"]
[SourceQuality "1"]

1. c4 e5 2. Nc3 Nf6 3. g3 d5 4. cxd5 Nxd5 5. Bg2 Nb6 6. Nf3 Nc6 7. O-O Be7 8.
d3 O-O 9. Be3 Be6 10. Qc1 Qe8 11. Rd1 Rd8 12. d4 exd4 13. Nxd4 Nxd4 14. Bxd4 c6
15. Qc2 Rd7 16. a4 Qd8 17. Be3 Nc4 18. Bxa7 Nd2 19. Bb6 Qxb6 20. Rxd2 Bb3 21.
Qc1 Rxd2 22. Qxd2 Rd8 23. Qf4 Qa5 24. h4 Bb4 25. Bf3 1/2-1/2

[Event "New York Marshall CC"]
[Site "New York"]
[Date "1993.??.??"]
[Round "2"]
[White "Ashley, Maurice"]
[Black "Levitan, Yuliya"]
[Result "1/2-1/2"]
[WhiteElo "2365"]
[BlackElo "2280"]
[PlyCount "54"]
[EventDate "1993.??.??"]
[EventType "tourn"]
[EventRounds "11"]
[EventCountry "USA"]
[EventCategory "4"]
[SourceTitle "CBM 035 Extra"]
[Source "ChessBase"]
[SourceDate "1993.09.01"]
[SourceVersion "1"]
[SourceVersionDate "1993.09.01"]
[SourceQuality "1"]

1. d4 d5 2. c4 e6 3. Nc3 Nf6 4. Bg5 Be7 5. e3 O-O 6. Nf3 b6 7. Bd3 Bb7 8. O-O
Nbd7 9. Qe2 a6 10. Rfd1 h6 11. Bh4 c5 12. Rac1 dxc4 13. Bxc4 b5 14. Bb3 c4 15.
Bc2 Nb6 16. Ne5 Rc8 17. Bb1 g5 18. Bg3 b4 19. d5 exd5 20. Nxd5 Nbxd5 21. e4 Bd6
22. exd5 Re8 23. f4 gxf4 24. Bxf4 Qc7 25. Re1 Qc5+ 26. Kh1 Bxe5 27. Bxe5 Qxd5
1/2-1/2

[Event "New York Marshall CC"]
[Site "New York"]
[Date "1993.??.??"]
[Round "4"]
[White "Ashley, Maurice"]
[Black "Moskow, Eric"]
[Result "1/2-1/2"]
[WhiteElo "2365"]
[BlackElo "2235"]
[PlyCount "51"]
[EventDate "1993.??.??"]
[EventType "tourn"]
[EventRounds "11"]
[EventCountry "USA"]
[EventCategory "4"]
[SourceTitle "CBM 035 Extra"]
[Source "ChessBase"]
[SourceDate "1993.09.01"]
[SourceVersion "1"]
[SourceVersionDate "1993.09.01"]
[SourceQuality "1"]

1. e4 e5 2. Nf3 Nc6 3. d4 exd4 4. Nxd4 Bc5 5. Be3 Qf6 6. c3 Nge7 7. Bc4 Ne5 8.
Be2 Qg6 9. O-O d5 10. Kh1 O-O 11. Nf5 Bxf5 12. exf5 Qb6 13. f6 gxf6 14. Bh6
Qxb2 15. Nd2 Rfd8 16. Nb3 Bb6 17. f4 Nc4 18. Rb1 Ne3 19. Qd3 Qc2 20. Qxc2 Nxc2
21. g4 d4 22. cxd4 Nxd4 23. Bc4 Nxb3 24. Bxb3 Nd5 25. f5 Be3 26. Bxd5 1/2-1/2

[Event "New York Marshall CC"]
[Site "New York"]
[Date "1993.??.??"]
[Round "6"]
[White "Ashley, Maurice"]
[Black "Gross, Daniel"]
[Result "1-0"]
[WhiteElo "2365"]
[BlackElo "2280"]
[PlyCount "75"]
[EventDate "1993.??.??"]
[EventType "tourn"]
[EventRounds "11"]
[EventCountry "USA"]
[EventCategory "4"]
[SourceTitle "CBM 035 Extra"]
[Source "ChessBase"]
[SourceDate "1993.09.01"]
[SourceVersion "1"]
[SourceVersionDate "1993.09.01"]
[SourceQuality "1"]

1. e4 c5 2. Nf3 Nc6 3. Bb5 g6 4. O-O Bg7 5. Re1 e5 6. c3 Nge7 7. b4 cxb4 8.
cxb4 O-O 9. a3 d5 10. d3 Bg4 11. Bb2 Nd4 12. Bxd4 exd4 13. Nbd2 Rc8 14. h3 Bxf3
15. Nxf3 Qb6 16. Ba4 dxe4 17. dxe4 Rc3 18. Bb3 Qb5 19. Rb1 Nc6 20. a4 Qd3 21.
Bd5 Rd8 22. b5 Ne7 23. Bxb7 Qxd1 24. Rexd1 d3 25. a5 Ra3 26. a6 Nc8 27. Bd5 Nb6
28. Rb3 Rxb3 29. Bxb3 Bc3 30. Ng5 Rd7 31. Nxf7 Kg7 32. Ng5 Kf6 33. f4 Bd4+ 34.
Kf1 Be3 35. g3 h6 36. Nf3 Nc8 37. Ne5 Rd4 38. Ng4+ 1-0

[Event "New York Marshall CC"]
[Site "New York"]
[Date "1993.??.??"]
[Round "8"]
[White "Ashley, Maurice"]
[Black "Frias Pablaza, Victor J"]
[Result "1/2-1/2"]
[WhiteElo "2365"]
[BlackElo "2460"]
[PlyCount "89"]
[EventDate "1993.??.??"]
[EventType "tourn"]
[EventRounds "11"]
[EventCountry "USA"]
[EventCategory "4"]
[SourceTitle "CBM 035 Extra"]
[Source "ChessBase"]
[SourceDate "1993.09.01"]
[SourceVersion "1"]
[SourceVersionDate "1993.09.01"]
[SourceQuality "1"]

1. e4 c5 2. Nf3 e6 3. d4 cxd4 4. Nxd4 Nf6 5. Nc3 d6 6. g3 Be7 7. Bg2 O-O 8. O-O
Nc6 9. Be3 Qc7 10. Re1 a6 11. Nxc6 bxc6 12. Na4 Bb7 13. c4 c5 14. Nc3 Bc6 15.
Qe2 Qb7 16. Bf4 Ne8 17. Nd5 Bd8 18. Nc3 Bf6 19. Bh3 Bd4 20. e5 dxe5 21. Bxe5
Nf6 22. Qc2 Rfd8 23. Rad1 Rd7 24. Bxf6 Bxf6 25. Rxd7 Qxd7 26. Nd5 Rd8 27. Nxf6+
gxf6 28. Bg2 Bxg2 29. Kxg2 Qd2 30. Re2 Qxc2 31. Rxc2 f5 32. Kf3 Kf8 33. Ke3 Ke7
34. Rd2 Rb8 35. Kd3 h5 36. Kc3 a5 37. b3 h4 38. a3 hxg3 39. hxg3 Rb7 40. Rb2
Kd6 41. Rd2+ Kc7 42. Rd1 Rb8 43. Rh1 Kd6 44. Rb1 Rh8 45. Rd1+ 1/2-1/2